[Event "DSJ Weihnachtsturnier U16: Steinitz 2020"]
[Site ""]
[Date "2020.12.28"]
[Round "7"]
[White "Centgraf, Andra's"]
[Black "Röste, Hugo"]
[Result "0-1"]
[Termination "normal"]
[Board "3.2"]
[WhiteElo "1415"]
[BlackElo "1597"]
[WhiteTeam "SGem Aschheim/Feldkirchen/Kirchheim"]
[BlackTeam "TuS Makkabi Rostock"]
[PlyCount "100"]
[WhiteFideId "34611177"]
[BlackFideId "16247604"]
[EventRounds "7"]
[EventType "team-swiss"]
[EventDate "2020.12.28"]

1. d4 {[%emt 0:00:08]} d5 {[%emt 0:00:04]} 2. c4 {[%emt 0:00:01]} e6 {[%emt
0:00:38]} 3. Nf3 {[%emt 0:00:02]} c6 {[%emt 0:00:21]} 4. cxd5 {[%emt 0:00:03]}
exd5 {[%emt 0:00:08]} 5. Nc3 {[%emt 0:00:01]} Nf6 {[%emt 0:00:11]} 6. Bf4 {
[%emt 0:00:01]} Bd6 {[%emt 0:00:07]} 7. Bg3 {[%emt 0:00:02]} Bxg3 {[%emt
0:00:16]} 8. hxg3 {[%emt 0:00:06]} Bf5 {[%emt 0:00:07]} 9. e3 {[%emt 0:00:12]}
O-O { [%emt 0:00:06]} 10. Bd3 {[%emt 0:00:10]} Bxd3 {[%emt 0:00:11]} 11. Qxd3 {
[%emt 0:00:00]} g6 {[%emt 0:00:32]} 12. Rc1 {[%emt 0:00:12]} Nbd7 {[%emt
0:00:12]} 13. a3 {[%emt 0:00:05]} Re8 {[%emt 0:00:12]} 14. O-O {[%emt 0:00:04]}
Ne4 {[%emt 0:00:19]} 15. Nd2 {[%emt 0:00:01]} Ndf6 {[%emt 0:00:16]} 16. Ncxe4 {
[%emt 0:00:04]} Nxe4 {[%emt 0:00:11]} 17. Nxe4 {[%emt 0:00:06]} Rxe4 {[%emt
0:00:05]} 18. b4 {[%emt 0:00:03]} a6 {[%emt 0:00:16]} 19. Qd2 {[%emt 0:00:17]}
Qd7 {[%emt 0:00:07]} 20. f4 {[%emt 0:00:05]} Rae8 {[%emt 0:00:06]} 21. Rf3 {
[%emt 0:00:16]} Qe7 {[%emt 0:00:15]} 22. Re1 {[%emt 0:00:03]} f5 {[%emt
0:00:13]} 23. Kf2 {[%emt 0:00:10]} Kg7 {[%emt 0:00:07]} 24. Rb1 {[%emt
0:00:05]} Qd6 {[%emt 0:00:10]} 25. a4 {[%emt 0:00:02]} Qd8 {[%emt 0:00:17]} 26.
b5 {[%emt 0:00:06]} cxb5 {[%emt 0:00:07]} 27. axb5 {[%emt 0:00:00]} Qb6 {[%emt
0:00:09]} 28. Qc3 {[%emt 0:00:08]} axb5 {[%emt 0:00:12]} 29. Qc5 {[%emt
0:00:08]} Qxc5 { [%emt 0:00:08]} 30. dxc5 {[%emt 0:00:00]} b4 {[%emt 0:00:04]}
31. Ke2 {[%emt 0:00:03]} Rc8 {[%emt 0:00:13]} 32. Rff1 {[%emt 0:00:12]} Rxc5
{[%emt 0:00:05]} 33. Rfd1 {[%emt 0:00:01]} Kf6 {[%emt 0:00:09]} 34. Ra1 {[%emt
0:00:07]} Ke6 { [%emt 0:00:07]} 35. Ra7 {[%emt 0:00:06]} Rb5 {[%emt 0:00:08]}
36. Kd3 {[%emt 0:00:03]} b3 {[%emt 0:00:07]} 37. Rb1 {[%emt 0:00:10]} b2 {[%emt
0:00:06]} 38. Ra3 {[%emt 0:00:03]} Rc4 {[%emt 0:00:27]} 39. Kd2 {[%emt
0:00:01]} d4 {[%emt 0:00:06]} 40. exd4 {[%emt 0:00:04]} Rxd4+ {[%emt 0:00:04]}
41. Kc3 {[%emt 0:00:01]} Kd5 {[%emt 0:00:04]} 42. Kc2 {[%emt 0:00:06]} Rc4+
{[%emt 0:00:11]} 43. Rc3 {[%emt 0:00:07]} Rxc3+ {[%emt 0:00:05]} 44. Kxc3
{[%emt 0:00:01]} Kc5 { [%emt 0:00:09]} 45. g4 {[%emt 0:00:25]} fxg4 {[%emt
0:00:06]} 46. Kd3 {[%emt 0:00:02]} Rb3+ {[%emt 0:00:07]} 47. Ke4 {[%emt
0:00:05]} Kc4 {[%emt 0:00:08]} 48. f5 {[%emt 0:00:29]} gxf5+ {[%emt 0:00:08]}
49. Kf4 {[%emt 0:00:01]} Kc3 { [%emt 0:00:04]} 50. Kxf5 {[%emt 0:00:06]} Kc2
{[%emt 0:00:04]} 0-1

[Event "DSJ Weihnachtsturnier U16: Steinitz 2020"]
[Site ""]
[Date "2020.12.28"]
[Round "7"]
[White "Wellßow, Keoki"]
[Black "Müller, Fabian"]
[Result "0-1"]
[Termination "normal"]
[Board "3.3"]
[WhiteElo "1510"]
[BlackElo "1205"]
[WhiteTeam "TuS Makkabi Rostock"]
[BlackTeam "SGem Aschheim/Feldkirchen/Kirchheim"]
[PlyCount "44"]
[WhiteFideId "16251075"]
[BlackFideId "34607846"]
[EventRounds "7"]
[EventType "team-swiss"]
[EventDate "2020.12.28"]

1. c4 {[%emt 0:00:18]} e5 {[%emt 0:00:03]} 2. g3 {[%emt 0:00:02]} Nf6 {[%emt
0:00:05]} 3. Bg2 {[%emt 0:00:03]} Bc5 {[%emt 0:00:03]} 4. Nc3 {[%emt 0:00:05]}
c6 {[%emt 0:00:11]} 5. e3 {[%emt 0:00:32]} d5 {[%emt 0:00:11]} 6. b3 {[%emt
0:00:23]} Be6 {[%emt 0:00:07]} 7. cxd5 {[%emt 0:00:22]} cxd5 {[%emt 0:00:02]}
8. d4 {[%emt 0:00:09]} exd4 {[%emt 0:00:08]} 9. exd4 {[%emt 0:00:03]} Bb4
{[%emt 0:00:01]} 10. Bb2 {[%emt 0:00:13]} O-O {[%emt 0:00:11]} 11. Nf3 {[%emt
0:00:16]} Qa5 {[%emt 0:00:16]} 12. Qc2 {[%emt 0:00:18]} Rc8 {[%emt 0:00:03]
Rostock2-003 reconnected.} 13. Rc1 {[%emt 0:00:34]} Ne4 {[%emt 0:00:03]} 14.
Ne5 {[%emt 0:00:37]} Nxc3 {[%emt 0:00:05]} 15. Bxc3 {[%emt 0:00:03]} Bxc3+
{[%emt 0:00:04]} 16. Ke2 {[%emt 0:00:02]} Na6 {[%emt 0:00:44]} 17. Nc4 {[%emt
0:00:25]} dxc4 { [%emt 0:00:53]} 18. Bxb7 {[%emt 0:00:16]} cxb3 {[%emt
0:00:06]} 19. axb3 { [%emt 0:00:31]} Qb5+ {[%emt 0:00:05]} 20. Qd3 {[%emt
0:00:20]} Qxb7 {[%emt 0:00:04]} 21. Rxc3 {[%emt 0:00:02]} Rxc3 {[%emt 0:00:02]}
22. Qxc3 {[%emt 0:00:02]} Qxh1 {[%emt 0:00:05]} 0-1

[Event "DSJ Weihnachtsturnier U16: Steinitz 2020"]
[Site ""]
[Date "2020.12.28"]
[Round "7"]
[White "El Sewisy, Aiman"]
[Black "Janssen, Joris Frederik"]
[Result "0-1"]
[Termination "normal"]
[Board "3.4"]
[WhiteElo "1039"]
[BlackElo "1440"]
[WhiteTeam "SGem Aschheim/Feldkirchen/Kirchheim"]
[BlackTeam "TuS Makkabi Rostock"]
[PlyCount "62"]
[WhiteFideId "34607803"]
[BlackFideId "16287061"]
[EventRounds "7"]
[EventType "team-swiss"]
[EventDate "2020.12.28"]

1. e4 {[%emt 0:00:21]} c5 {[%emt 0:00:04]} 2. d4 {[%emt 0:00:07]} cxd4 { [%emt
0:00:07]} 3. c3 {[%emt 0:00:01]} dxc3 {[%emt 0:00:08]} 4. Nxc3 {[%emt 0:00:01]}
e6 {[%emt 0:00:03]} 5. Bc4 {[%emt 0:00:06]} a6 {[%emt 0:00:07]} 6. Nf3 {[%emt
0:00:03]} Qc7 {[%emt 0:00:04]} 7. Bb3 {[%emt 0:00:06]} Nc6 {[%emt 0:00:02]} 8.
O-O {[%emt 0:00:02]} Be7 {[%emt 0:00:03]} 9. Be3 {[%emt 0:00:06]} Nf6 { [%emt
0:00:04]} 10. Re1 {[%emt 0:00:31]} O-O {[%emt 0:00:04]} 11. a3 {[%emt 0:00:04]}
b6 {[%emt 0:00:04]} 12. Na4 {[%emt 0:00:10]} b5 {[%emt 0:00:25]} 13. Nb6 {[%emt
0:00:28]} Rb8 {[%emt 0:00:10]} 14. Nxc8 {[%emt 0:00:01]} Rbxc8 { [%emt
0:00:12]} 15. Rc1 {[%emt 0:00:02]} Rfd8 {[%emt 0:00:10]} 16. e5 {[%emt
0:01:20]} Ne8 {[%emt 0:00:28]} 17. Nd4 {[%emt 0:00:30]} Qb7 {[%emt 0:00:27]}
18. Nxc6 {[%emt 0:00:34]} dxc6 {[%emt 0:00:09]} 19. Qg4 {[%emt 0:00:04]} c5 {
[%emt 0:00:20]} 20. Bh6 {[%emt 0:00:21]} Rd4 {[%emt 0:00:12]} 21. Qg3 {[%emt
0:00:23]} Bh4 {[%emt 0:00:12]} 22. Qh3 {[%emt 0:00:40]} gxh6 {[%emt 0:00:14]}
23. g3 {[%emt 0:00:33]} Bg5 {[%emt 0:01:56]} 24. f4 {[%emt 0:00:06]} Bd8 {[%emt
0:00:21]} 25. Qxh6 {[%emt 0:00:19]} Bb6 {[%emt 0:00:09]} 26. Bc2 {[%emt
0:00:41]} f5 {[%emt 0:00:37]} 27. Qxe6+ {[%emt 0:01:00]} Kg7 {[%emt 0:00:31]}
28. Qxf5 { [%emt 0:00:28]} Kg8 {[%emt 0:00:30]} 29. e6 {[%emt 0:00:47]} c4
{[%emt 0:00:12] } 30. Qh3 {[%emt 0:00:38]} Rd2+ {[%emt 0:00:59]} 31. Kf1 {[%emt
0:00:04]} Qf3# {[%emt 0:00:04]} 0-1

[Event "DSJ Weihnachtsturnier U16: Steinitz 2020"]
[Site ""]
[Date "2020.12.28"]
[Round "7"]
[White "Gold, Jan Christian"]
[Black "Farokhi, Keyvan"]
[Result "0-1"]
[Termination "normal"]
[Board "4.1"]
[WhiteElo "1638"]
[BlackElo "2059"]
[WhiteTeam "SK Bad Homburg 1927"]
[BlackTeam "SK Doppelbauer Kiel"]
[PlyCount "130"]
[WhiteFideId "16298128"]
[BlackFideId "12998630"]
[EventRounds "7"]
[EventType "team-swiss"]
[EventDate "2020.12.28"]

1. d4 {[%emt 0:00:15]} Nf6 {[%emt 0:00:03]} 2. c4 {[%emt 0:00:03]} c5 {[%emt
0:00:03]} 3. d5 {[%emt 0:00:02]} b5 {[%emt 0:00:02]} 4. cxb5 {[%emt 0:00:06]}
a6 {[%emt 0:00:03]} 5. Nc3 {[%emt 0:00:08]} axb5 {[%emt 0:00:07]} 6. e4 {[%emt
0:00:04]} b4 {[%emt 0:00:01]} 7. Nb5 {[%emt 0:00:10]} d6 {[%emt 0:00:03]} 8.
Bd3 {[%emt 0:00:40]} g6 {[%emt 0:00:04]} 9. b3 {[%emt 0:00:09]} Bg7 {[%emt
0:00:03] } 10. Bb2 {[%emt 0:00:05]} O-O {[%emt 0:00:04]} 11. a3 {[%emt
0:00:12]} bxa3 { [%emt 0:00:04]} 12. Nxa3 {[%emt 0:00:00]} Nbd7 {[%emt
0:00:05]} 13. Nc4 { [%emt 0:00:01]} Bb7 {[%emt 0:00:05]} 14. Nf3 {[%emt
0:00:08]} Nb6 {[%emt 0:00:41]} 15. O-O {[%emt 0:00:06]} Nxc4 {[%emt 0:00:04]}
16. bxc4 {[%emt 0:00:00]} Qb6 {[%emt 0:00:02]} 17. Rb1 {[%emt 0:00:11]} Qc7
{[%emt 0:00:00]} 18. Ra1 { [%emt 0:00:15]} Rxa1 {[%emt 0:00:06]} 19. Qxa1
{[%emt 0:00:02]} Ra8 {[%emt 0:00:01]} 20. Qb1 {[%emt 0:00:16]} Bc8 {[%emt
0:00:08]} 21. e5 {[%emt 0:00:36]} Ne8 {[%emt 0:00:12]} 22. exd6 {[%emt
0:00:17]} exd6 {[%emt 0:00:00]} 23. Bxg7 { [%emt 0:00:03]} Nxg7 {[%emt
0:00:01]} 24. Qb2 {[%emt 0:00:09]} Rb8 {[%emt 0:00:06]} 25. Qf6 {[%emt
0:00:20]} Bf5 {[%emt 0:00:08]} 26. Bxf5 {[%emt 0:00:34]} Nxf5 {[%emt 0:00:00]}
27. Re1 {[%emt 0:00:14]} Qd8 {[%emt 0:00:38]} 28. Qxd8+ { [%emt 0:01:07]} Rxd8
{[%emt 0:00:00]} 29. Rb1 {[%emt 0:00:01]} Ra8 {[%emt 0:00:05]} 30. g4 {[%emt
0:00:08]} Nh6 {[%emt 0:00:26]} 31. h3 {[%emt 0:00:07]} f5 { [%emt 0:00:27]} 32.
Rb6 {[%emt 0:01:30]} fxg4 {[%emt 0:00:40]} 33. hxg4 { [%emt 0:00:00]} Nf7
{[%emt 0:00:01]} 34. Nd2 {[%emt 0:00:23]} Ra2 {[%emt 0:00:10]} 35. Ne4 {[%emt
0:00:08]} Ra4 {[%emt 0:00:16]} 36. Nxd6 {[%emt 0:00:09]} Nxd6 {[%emt 0:00:00]}
37. Rxd6 {[%emt 0:00:01]} Rxc4 {[%emt 0:00:02]} 38. Rc6 { [%emt 0:00:00]} Rxg4+
{[%emt 0:00:15]} 39. Kh2 {[%emt 0:00:07]} c4 {[%emt 0:00:14]} 40. d6 {[%emt
0:00:06]} Rd4 {[%emt 0:00:03]} 41. Kg2 {[%emt 0:00:19]} Kf7 {[%emt 0:00:05]}
42. Rc7+ {[%emt 0:01:04]} Ke6 {[%emt 0:00:03]} 43. d7 { [%emt 0:00:01]
BadHom1-001 offers a draw} Ke7 {[%emt 0:00:24]} 44. d8=Q+ { [%emt 0:00:44]}
Kxd8 {[%emt 0:00:02]} 45. Rxh7 {[%emt 0:00:00]} c3 {[%emt 0:00:09]} 46. Rh1
{[%emt 0:00:01]} Ke7 {[%emt 0:00:07]} 47. Rc1 {[%emt 0:00:07]} Rd3 {[%emt
0:00:14]} 48. Kf1 {[%emt 0:00:08]} Ke6 {[%emt 0:00:16]} 49. Ke2 { [%emt
0:00:04]} Rh3 {[%emt 0:00:05]} 50. f3 {[%emt 0:00:07]} Rh2+ {[%emt 0:00:02]}
51. Ke3 {[%emt 0:00:01]} c2 {[%emt 0:00:02]} 52. Kd3 {[%emt 0:00:02]} Kf5
{[%emt 0:00:02]} 53. Rxc2 {[%emt 0:00:09]} Rxc2 {[%emt 0:00:03]} 54. Kxc2 {
[%emt 0:00:00]} Kf4 {[%emt 0:00:01]} 55. Kd2 {[%emt 0:00:01]} Kxf3 {[%emt
0:00:01]} 56. Ke1 {[%emt 0:00:00]} Kg2 {[%emt 0:00:05]} 57. Ke2 {[%emt
0:00:02]} g5 {[%emt 0:00:01]} 58. Ke3 {[%emt 0:00:01]} g4 {[%emt 0:00:01]} 59.
Kf4 {[%emt 0:00:00]} g3 {[%emt 0:00:01]} 60. Ke3 {[%emt 0:00:01]} Kf1 {[%emt
0:00:01]} 61. Kf3 {[%emt 0:00:01]} g2 {[%emt 0:00:00]} 62. Kg4 {[%emt 0:00:01]}
g1=Q+ { [%emt 0:00:00]} 63. Kh3 {[%emt 0:00:01]} Kf2 {[%emt 0:00:02]} 64. Kh4
{[%emt 0:00:00]} Qg6 {[%emt 0:00:01]} 65. Kh3 {[%emt 0:00:01]} Qh5# {[%emt
0:00:01]} 0-1

[Event "DSJ Weihnachtsturnier U16: Steinitz 2020"]
[Site ""]
[Date "2020.12.28"]
[Round "7"]
[White "Rempe, Jonas"]
[Black "Goetz, Fenja"]
[Result "1-0"]
[Termination "normal"]
[Board "4.2"]
[WhiteElo "1957"]
[BlackElo "1626"]
[WhiteTeam "SK Doppelbauer Kiel"]
[BlackTeam "SK Bad Homburg 1927"]
[PlyCount "47"]
[WhiteFideId "16202406"]
[BlackFideId "16250516"]
[EventRounds "7"]
[EventType "team-swiss"]
[EventDate "2020.12.28"]

1. e4 {[%emt 0:00:06]} c5 {[%emt 0:00:05]} 2. Nf3 {[%emt 0:00:01]} Nc6 { [%emt
0:00:03]} 3. Nc3 {[%emt 0:00:01]} d6 {[%emt 0:00:19]} 4. d4 {[%emt 0:00:01]}
cxd4 {[%emt 0:00:02]} 5. Nxd4 {[%emt 0:00:00]} g6 {[%emt 0:00:01]} 6. Be3
{[%emt 0:00:02]} Bg7 {[%emt 0:00:14]} 7. Bc4 {[%emt 0:00:01]} Nf6 {[%emt
0:00:08]} 8. f3 {[%emt 0:00:01]} O-O {[%emt 0:00:07]} 9. Bb3 {[%emt 0:00:01]}
Bd7 { [%emt 0:00:29]} 10. Qd2 {[%emt 0:00:01]} Rc8 {[%emt 0:00:03]} 11. O-O-O {
[%emt 0:00:01]} Nb4 {[%emt 0:00:18]} 12. h4 {[%emt 0:00:14]} a5 {[%emt 0:00:12]
} 13. h5 {[%emt 0:00:02]} Nxh5 {[%emt 0:00:02]} 14. g4 {[%emt 0:00:01]} Nf6 {
[%emt 0:00:20]} 15. Bh6 {[%emt 0:00:01]} Qb6 {[%emt 0:01:41]} 16. Bxg7 { [%emt
0:00:08]} Kxg7 {[%emt 0:00:04]} 17. Qh6+ {[%emt 0:00:01]} Kg8 {[%emt 0:00:04]}
18. g5 {[%emt 0:00:24]} Nh5 {[%emt 0:00:10]} 19. Rxh5 {[%emt 0:00:03]} gxh5
{[%emt 0:00:04]} 20. g6 {[%emt 0:00:00]} hxg6 {[%emt 0:00:09]} 21. Qxg6+ {
[%emt 0:00:02]} Kh8 {[%emt 0:00:03]} 22. Qxh5+ {[%emt 0:00:01]} Kg8 {[%emt
0:00:14]} 23. Rg1+ {[%emt 0:00:05]} Bg4 {[%emt 0:00:10]} 24. Rxg4# {[%emt
0:00:00]} 1-0

[Event "DSJ Weihnachtsturnier U16: Steinitz 2020"]
[Site ""]
[Date "2020.12.28"]
[Round "7"]
[White "Pichl, Christoph"]
[Black "Steinbach, Julian"]
[Result "0-1"]
[Termination "normal"]
[Board "4.3"]
[WhiteElo "1501"]
[BlackElo "1704"]
[WhiteTeam "SK Bad Homburg 1927"]
[BlackTeam "SK Doppelbauer Kiel"]
[PlyCount "96"]
[WhiteFideId "16249739"]
[BlackFideId "16247973"]
[EventRounds "7"]
[EventType "team-swiss"]
[EventDate "2020.12.28"]

1. e4 {[%emt 0:00:12]} d6 {[%emt 0:00:01]} 2. Nf3 {[%emt 0:00:07]} Nf6 { [%emt
0:00:01]} 3. Nc3 {[%emt 0:00:07]} e5 {[%emt 0:00:02]} 4. d4 {[%emt 0:00:13]}
exd4 {[%emt 0:00:00]} 5. Nxd4 {[%emt 0:00:02]} Be7 {[%emt 0:00:01]} 6. Bc4
{[%emt 0:00:49]} O-O {[%emt 0:00:02]} 7. O-O {[%emt 0:00:03]} Nbd7 {[%emt
0:00:02]} 8. Bf4 {[%emt 0:01:22]} a5 {[%emt 0:00:05]} 9. a3 {[%emt 0:00:23]}
Nc5 { [%emt 0:00:04] Kiel2-003 reconnected.} 10. e5 {[%emt 0:00:26]} dxe5
{[%emt 0:00:15]} 11. Bxe5 {[%emt 0:00:03]} Ng4 {[%emt 0:00:02]} 12. Bg3 {[%emt
0:00:07]} Bf6 {[%emt 0:00:07]} 13. Ndb5 {[%emt 0:00:23]} c6 {[%emt 0:00:29]}
14. Qxd8 { [%emt 0:00:07]} Rxd8 {[%emt 0:00:07]} 15. Nd6 {[%emt 0:00:31]} Be6
{[%emt 0:00:44]} 16. Bxe6 {[%emt 0:00:09]} fxe6 {[%emt 0:00:03]} 17. Rad1
{[%emt 0:00:42]} Bxc3 {[%emt 0:00:56]} 18. bxc3 {[%emt 0:00:05]} Nf6 {[%emt
0:00:06]} 19. Rfe1 { [%emt 0:00:18]} Ne8 {[%emt 0:01:00]} 20. Nc4 {[%emt
0:00:30]} Rd5 {[%emt 0:00:37]} 21. Rxd5 {[%emt 0:00:39]} exd5 {[%emt 0:00:09]}
22. Nb6 {[%emt 0:00:11]} Ra6 {[%emt 0:00:40]} 23. Rxe8+ {[%emt 0:00:41]} Kf7
{[%emt 0:00:03]} 24. Re1 { [%emt 0:00:09]} Rxb6 {[%emt 0:00:04]} 25. Bc7 {[%emt
0:00:44]} Rb5 {[%emt 0:00:07]} 26. f3 {[%emt 0:00:20]} Ne6 {[%emt 0:00:09]} 27.
Be5 {[%emt 0:00:12]} Rb2 {[%emt 0:00:12]} 28. Re2 {[%emt 0:00:04]} Ra2 {[%emt
0:00:11]} 29. Bd6 { [%emt 0:00:02]} c5 {[%emt 0:00:20]} 30. f4 {[%emt 0:00:06]}
g6 {[%emt 0:00:19]} 31. g4 {[%emt 0:00:10]} Rxa3 {[%emt 0:00:05]} 32. f5 {[%emt
0:00:02]} gxf5 { [%emt 0:00:03]} 33. gxf5 {[%emt 0:00:02]} Ng7 {[%emt 0:00:02]}
34. Re7+ { [%emt 0:00:05]} Kf6 {[%emt 0:00:02]} 35. Rxb7 {[%emt 0:00:08]} Nxf5
{[%emt 0:00:13]} 36. Bxc5 {[%emt 0:00:03]} Rxc3 {[%emt 0:00:04]} 37. Rb6+
{[%emt 0:00:09]} Ke5 {[%emt 0:00:23]} 38. Bf8 {[%emt 0:00:17]} Rxc2 {[%emt
0:00:08]} 39. Rb5 {[%emt 0:00:02]} a4 {[%emt 0:00:06]} 40. Ra5 {[%emt 0:00:03]}
Rc4 {[%emt 0:00:05]} 41. Ba3 {[%emt 0:00:06]} Ke4 {[%emt 0:00:06]} 42. Kf2
{[%emt 0:00:07]} d4 {[%emt 0:00:10]} 43. Bc1 {[%emt 0:00:12]} Rxc1 {[%emt
0:00:05]} 44. Rxa4 { [%emt 0:00:04]} Rc2+ {[%emt 0:00:02]} 45. Kg1 {[%emt
0:00:02]} Ke3 {[%emt 0:00:03]} 46. Ra3+ {[%emt 0:00:02]} d3 {[%emt 0:00:02]}
47. Ra7 {[%emt 0:00:09]} d2 {[%emt 0:00:04]} 48. Rd7 {[%emt 0:00:04]} Rc1+
{[%emt 0:00:03]} 0-1

[Event "DSJ Weihnachtsturnier U16: Steinitz 2020"]
[Site ""]
[Date "2020.12.28"]
[Round "7"]
[White "Woltmann, Peter"]
[Black "von Beckh, Frieda"]
[Result "1-0"]
[Termination "normal"]
[Board "4.4"]
[WhiteElo "1556"]
[BlackElo "1590"]
[WhiteTeam "SK Doppelbauer Kiel"]
[BlackTeam "SK Bad Homburg 1927"]
[PlyCount "29"]
[WhiteFideId "16269349"]
[BlackFideId "16233751"]
[EventRounds "7"]
[EventType "team-swiss"]
[EventDate "2020.12.28"]

1. e4 {[%emt 0:00:05]} c5 {[%emt 0:00:06]} 2. Nf3 {[%emt 0:00:02]} Nc6 { [%emt
0:00:11]} 3. Bc4 {[%emt 0:00:21]} g6 {[%emt 0:00:08]} 4. Nc3 {[%emt 0:00:08]}
Bg7 {[%emt 0:00:11]} 5. O-O {[%emt 0:00:06]} Nf6 {[%emt 0:00:04]} 6. d3 { [%emt
0:00:05]} O-O {[%emt 0:00:06]} 7. Bf4 {[%emt 0:00:01]} d6 {[%emt 0:00:42] } 8.
Re1 {[%emt 0:00:08]} Qc7 {[%emt 0:00:31]} 9. e5 {[%emt 0:00:09]} Nh5 { [%emt
0:00:50]} 10. exd6 {[%emt 0:00:05]} exd6 {[%emt 0:00:07]} 11. Nb5 { [%emt
0:00:03]} Qd7 {[%emt 0:00:37]} 12. Bxd6 {[%emt 0:00:09]} Bxb2 {[%emt 0:00:31]}
13. Bxf8 {[%emt 0:00:04]} Bxa1 {[%emt 0:00:03]} 14. Qxa1 {[%emt 0:00:04]} Kxf8
{[%emt 0:00:05]} 15. Qh8# {[%emt 0:00:03]} 1-0

[Event "DSJ Weihnachtsturnier U16: Steinitz 2020"]
[Site ""]
[Date "2020.12.28"]
[Round "7"]
[White "Burgtorf, Benjamin"]
[Black "Hommel, Niclas"]
[Result "1/2-1/2"]
[Termination "normal"]
[Board "5.1"]
[WhiteElo "1773"]
[BlackElo "2062"]
[WhiteTeam "SchVgg Blankenese von 1923"]
[BlackTeam "TSG Oberschöneweide"]
[PlyCount "109"]
[WhiteFideId "16242920"]
[BlackFideId "12974927"]
[EventRounds "7"]
[EventType "team-swiss"]
[EventDate "2020.12.28"]

1. Nf3 {[%emt 0:00:12]} Nf6 {[%emt 0:00:03]} 2. c4 {[%emt 0:00:06]} c5 { [%emt
0:00:03]} 3. Nc3 {[%emt 0:00:03]} d5 {[%emt 0:00:02]} 4. cxd5 {[%emt 0:00:05]}
Nxd5 {[%emt 0:00:01]} 5. d4 {[%emt 0:00:01]} cxd4 {[%emt 0:00:08]} 6. Qxd4
{[%emt 0:00:18]} Nxc3 {[%emt 0:00:17]} 7. Qxd8+ {[%emt 0:00:15]} Kxd8 { [%emt
0:00:03]} 8. bxc3 {[%emt 0:00:00]} Nc6 {[%emt 0:00:08]} 9. Bf4 {[%emt 0:00:27]}
f6 {[%emt 0:00:07]} 10. Rd1+ {[%emt 0:00:11]} Ke8 {[%emt 0:00:13]} 11. e4
{[%emt 0:00:03]} e5 {[%emt 0:00:03]} 12. Be3 {[%emt 0:00:02]} Be6 {[%emt
0:00:07]} 13. a4 {[%emt 0:00:11]} Kf7 {[%emt 0:00:34]} 14. Be2 {[%emt 0:00:20]}
Be7 {[%emt 0:00:04]} 15. O-O {[%emt 0:00:05]} Rhd8 {[%emt 0:00:02]} 16. Rb1 {
[%emt 0:00:03]} b6 {[%emt 0:00:09]} 17. Ba6 {[%emt 0:00:26]} Na5 {[%emt
0:00:05]} 18. Rfd1 {[%emt 0:00:47]} Bb3 {[%emt 0:02:50]} 19. Rxd8 {[%emt
0:00:19]} Rxd8 {[%emt 0:00:03]} 20. Bb5 {[%emt 0:00:10]} Bc2 {[%emt 0:00:07]}
21. Rc1 { [%emt 0:00:28]} Bxe4 {[%emt 0:00:47]} 22. Nd2 {[%emt 0:00:17]} Bd3
{[%emt 0:00:02]} 23. Bxd3 {[%emt 0:01:08]} Rxd3 {[%emt 0:00:04]} 24. Kf1 {[%emt
0:00:00]} Ke6 {[%emt 0:00:08]} 25. Ke2 {[%emt 0:00:02]} Rd7 {[%emt 0:00:07]}
26. Rb1 { [%emt 0:00:12]} f5 {[%emt 0:00:17]} 27. f4 {[%emt 0:00:06]} e4 {[%emt
0:00:09]} 28. Bd4 {[%emt 0:00:04]} Bd6 {[%emt 0:00:57]} 29. g3 {[%emt 0:00:10]}
Nc6 { [%emt 0:00:23]} 30. Nb3 {[%emt 0:00:19]} g6 {[%emt 0:00:17]} 31. Ra1
{[%emt 0:00:09]} Bf8 {[%emt 0:00:44]} 32. Ke3 {[%emt 0:00:17]} Bg7 {[%emt
0:00:04]} 33. Bxg7 {[%emt 0:00:32]} Rxg7 {[%emt 0:00:02]} 34. a5 {[%emt
0:00:01]} Nxa5 { [%emt 0:00:40]} 35. Nxa5 {[%emt 0:00:02]} bxa5 {[%emt
0:00:00]} 36. Rxa5 { [%emt 0:00:01]} Rd7 {[%emt 0:00:00]} 37. Ra6+ {[%emt
0:00:23]} Kd5 {[%emt 0:00:06]} 38. Ra4 {[%emt 0:00:23]} Kc5 {[%emt 0:00:02]}
39. g4 {[%emt 0:00:17]} Kb5 {[%emt 0:00:23]} 40. Rb4+ {[%emt 0:00:08]} Kc5
{[%emt 0:00:02]} 41. gxf5 { [%emt 0:00:06]} gxf5 {[%emt 0:00:05]} 42. Ra4
{[%emt 0:00:06] Blanken1-001 offers a draw} Rd3+ {[%emt 0:00:19]} 43. Kf2
{[%emt 0:00:12]} Rf3+ {[%emt 0:00:05]} 44. Ke2 {[%emt 0:00:02]} Rxf4 {[%emt
0:00:02]} 45. Rxa7 {[%emt 0:00:01]} Rh4 {[%emt 0:00:02]} 46. Ra5+ {[%emt
0:00:22]} Kc4 {[%emt 0:00:04]} 47. Rxf5 { [%emt 0:00:02]} Kxc3 {[%emt 0:00:05]}
48. Ke3 {[%emt 0:00:04]} Kc4 {[%emt 0:00:11]} 49. Re5 {[%emt 0:00:31]} Rxh2
{[%emt 0:00:02]} 50. Kxe4 {[%emt 0:00:10]} Re2+ {[%emt 0:00:13]} 51. Kf4 {[%emt
0:00:01]} Rxe5 {[%emt 0:00:01]} 52. Kxe5 { [%emt 0:00:00]} Kd3 {[%emt 0:00:01]}
53. Kf5 {[%emt 0:00:01]} h5 {[%emt 0:00:03]} 54. Kg5 {[%emt 0:00:01]} h4 {[%emt
0:00:01]} 55. Kxh4 {[%emt 0:00:01]} 1/2-1/2